Kraje, które mają najwięcej użytkowników Spotify - Statystyki

Ogólne statystyki
  • Ten quiz został rozwiązany 161 razy
  • Średni wynik to 13 z 15
Statystyki odpowiedzi
Użytkownicy Kraj % Poprawnych
157M Stany Zjednoczone
100%
25M Niemcy
95%
16M Kanada
94%
26M Francja
92%
36M Brazylia
91%
8M Hiszpania
90%
30M Wielka Brytania
89%
28M Meksyk
88%
16M Japonia
85%
23M Włochy
84%
27M Indie
80%
8M Argentyna
79%
9M Australia
79%
8M Korea Południowa
70%
9M Tajlandia
38%
Nie znaleziono quizów pasujących do podanych kryteriów
Rozkład punktacji
Procent ludzi z każdym wynikiem
Percentyl według liczby udzielonych odpowiedzi
Twoja historia wyników
Nie rozwiązałeś tego quizu